Studies on the performance of Hevea in the changing climate of Garo hills (Meghalaya) (Record no. 69714)

MARC details
000 -LEADER
fixed length control field 00577nam a2200217Ia 4500
100 ## - MAIN ENTRY--AUTHOR NAME
Personal name Thapliyal A P
245 #0 - TITLE STATEMENT
Title Studies on the performance of Hevea in the changing climate of Garo hills (Meghalaya)
260 ## - PUBLICATION, DISTRIBUTION, ETC. (IMPRINT)
Name of publisher Natural Rubber Research
Year of publication 2011
300 ## - PHYSICAL DESCRIPTION
Number of Pages 159-164
650 ## - SUBJECT ADDED ENTRY--TOPICAL TERM
Topical Term Climate change
650 ## - SUBJECT ADDED ENTRY--TOPICAL TERM
Topical Term Garo hills
650 ## - SUBJECT ADDED ENTRY--TOPICAL TERM
Topical Term Refoliation
650 ## - SUBJECT ADDED ENTRY--TOPICAL TERM
Topical Term Temperature
700 ## - ADDED ENTRY--PERSONAL NAME
Personal name Chaudhuri D
700 ## - ADDED ENTRY--PERSONAL NAME
Personal name Jacob J
700 ## - ADDED ENTRY--PERSONAL NAME
Personal name Krishnakumar R
700 ## - ADDED ENTRY--PERSONAL NAME
Personal name Reju M J
700 ## - ADDED ENTRY--PERSONAL NAME
Personal name Singh R P
942 ## - ADDED ENTRY ELEMENTS (KOHA)
Koha item type Journals
Holdings
Withdrawn status Lost status Damaged status Not for loan Home library Current library Shelving location Date acquired Serial Enumeration / chronology Koha item type
      Journals RRII Library RRII Library Climate change 17/12/2021 Volume 24, Issue 1 Journals